| 000 | 00781cam a22002418a 4500 | ||
|---|---|---|---|
| 001 | 18286170 | ||
| 005 | 20151027153833.0 | ||
| 008 | 140828t2015 moua frb 001 0 eng d | ||
| 020 | _a9780323266024 (pbk. : alk. paper) | ||
| 040 |
_aDNLM/DLC _cDLC _dEG-ScBUE _beng |
||
| 082 | 0 | 4 |
_a618.970231 _222 _bMEI |
| 100 | 1 |
_aMeiner, Sue. _937726 |
|
| 245 | 1 | 0 |
_aGerontologic nursing / _cSue E. Meiner. |
| 250 | _a5th ed. | ||
| 260 |
_aMissouri : _bElsevier / Mosby, _cc.2015. |
||
| 300 |
_axxiii, 680 p. : _cill. ; _b28 cm. |
||
| 500 | _aIndex : p. 659-680. | ||
| 504 | _aIncludes bibliographical references. | ||
| 650 | 7 |
_aGeriatric nursing. _2BUEsh _928906 |
|
| 650 | 7 |
_aTerminal care. _2BUEsh _927291 |
|
| 653 |
_bNNUR _cApril2015 _cJune2015 _cOctober2015 |
||
| 942 |
_2ddc _k618.970231 MEI |
||
| 999 |
_c19221 _d19193 |
||